01654nam a22002535i 4500001000700000003000900007005001700016008004100033040002000074080001700094100002800111245005700139260012200196300002600318490015100344490010200495598012200597650003200719830015900751830010900910852024201019999001901261952012001280156422ES-MaACL20250726075512.0040729s1874 fr |||| | fre d aCAM bspa cCAM a821.13'342.31 aJoret, Charles.912835110aDu C dans les langues romanes / cpar Charles Joret. aParis : bLibrairie A. Franck, F. Vieweg, propriètaire, c1874 (eNogent-le-Rotrou : fImprimerie de A. Gouverneur) aXX, 344 p. ; c24 cm.1 aCollection philologique. Recueil de travaux originaux ou traduits relatifs à la philologie & à l'histoire littéraire. Nouvelle série ; v81 aBibliothèque de l'Ecole des hautes études. Sciences historiques et philologiques ; vfasc. 16 aTambién se publicó en la Bibliothèque de l'Ecole des Hautes Etudes. Sciences historiques et philologiques ; 16.04aLenguas románicas.9143670 aCollection philologique. Recueil de travaux originaux ou traduits relatifs à la philologie & à l'histoire littéraire. Nouvelle série ; v8922166800aBibliothèque de l'École des Hautes Études. Sciences historiques et philologiquesvfasc. 169229685 aES-MaACLjC-7560 z-- Enc. hol., conservando la cub. original z-- En la cub. y en la port. de la serie está tachado el número de la serie 8 por 16, que es el que le corresponde en la serie Bibliothèque de l'Ecole des Hautes Etudes c156422d156422 001040708LIBXIXaATENEOMbATENEOMcSPALd2008-01-17l0oC-7560p1163652r2023-02-23 00:00:00w2023-02-23yMONANT